00748cam a2200205 a 450000100100000000500170001000800410002703500190006803500200008704000360010708200180014310000250016124500990018626000750028530000290036050400430038960000430043265000430047570000240051800001798520230519124857.0930506s1992 pr c b 000 0bspa d a(DLC) 93150163 a(OCoLC)28327606 aDO-SdBNPaspacPrRUdDLCdBNPHU a927.95bA668A1 aArrigoitia, Luis de.13aLa ejemplaridad en Margot Arce de Vázquez /cLuis de Arrigoitia ; presentación Elsa Tió. aSan Juan, Pueto Rico :bFundación Felisa Rincón de Gautier,c1992. a36 p. :bport. ;c22 cm. aContiene referencias bibliográficas.10aARCE DE VÁZQUEZ, MARGOT,d1904-1990. 4aHispanistaszPuerto RicoxBiografía.1 aTió, Elsa,d1957-